| 000 | 04291cam a22012734i 4500 | ||
|---|---|---|---|
| 003 | PE-LiUPU | ||
| 005 | 20250813185632.0 | ||
| 008 | 150706s2013 pe a r 000 0 spa d | ||
| 035 | _a(Sirsi) a53213 | ||
| 040 |
_aPE-LiUPU _bspa _cPE-LiUPU _erda |
||
| 049 | _aPRUA | ||
| 082 | 0 | 4 |
_a338.98 _bS31 _221 |
| 245 | 0 | 3 |
_aLa sostenibilidad en Latinoamérica : _bhacía un buen vivir desde una perspectiva interdisciplinaria / _cMichel Schulz. |
| 264 | 1 |
_aLima : _bSan Marcos, _c2013. |
|
| 300 |
_a175 páginas : _bilustraciones ; _c24 cm. |
||
| 336 |
_atext _2rdacontent |
||
| 337 |
_aunmediated _2rdamedia |
||
| 338 |
_avolume _2rdacarrier |
||
| 505 | 0 | _aFilosofía ambiental y ética ecológica en perspectiva Europea y Latinoamericana: ¿Cómo justificar el valor propio de la naturaleza? -- La sostenibilidad y los derechos humanos -- El indígena como defensor de la naturaleza. El documental y sus escenificaciones en torno a la sustentabilidad -- El aporte de la sociedad civil y la participación ciudadana para logar un desarrollo sostenible -- La filosofía empieza en el estómago. Miguel de Unamuno y su pensamiento vital. Un ejemplo práctico -- Ambiente, ecología y sustentabilidad: Imaginarios Latinoamericanos en la literatura El arte y el cine -- Hacia una agricultura sostenible y seguridad alimentaria para todos. | |
| 526 | _aP202 | ||
| 526 | _aP201 | ||
| 526 | _aP163 | ||
| 526 | _aP162 | ||
| 526 | _aP161 | ||
| 526 | _aP160 | ||
| 526 | _aP148 | ||
| 526 | _aP147 | ||
| 526 | _aP146 | ||
| 526 | _aP145 | ||
| 526 | _aP144 | ||
| 526 | _aP143 | ||
| 526 | _aP142 | ||
| 526 | _aP141 | ||
| 526 | _aP140 | ||
| 526 | _aP139 | ||
| 526 | _aP138 | ||
| 526 | _aP137 | ||
| 526 | _aP136 | ||
| 526 | _aP135 | ||
| 526 | _aP134 | ||
| 526 | _aP133 | ||
| 526 | _aP129 | ||
| 526 | _aP128 | ||
| 526 | _aP127 | ||
| 526 | _aP120 | ||
| 526 | _aP119 | ||
| 526 | _aP118 | ||
| 526 | _aP116 | ||
| 526 | _aP115 | ||
| 526 | _aP114 | ||
| 526 | _aP110 | ||
| 526 | _aP109 | ||
| 526 | _aP108 | ||
| 526 | _aP104 | ||
| 526 | _aP103 | ||
| 526 | _aP102 | ||
| 526 | _aP99 | ||
| 526 | _aP98 | ||
| 526 | _aP97 | ||
| 526 | _aP96 | ||
| 526 | _aP95 | ||
| 526 | _aP93 | ||
| 526 | _aP90 | ||
| 526 | _aP89 | ||
| 526 | _aP88 | ||
| 526 | _aP83 | ||
| 526 | _aP82 | ||
| 526 | _aP62 | ||
| 526 | _aP59 | ||
| 526 | _aP58 | ||
| 526 | _aP57 | ||
| 526 | _aP51 | ||
| 526 | _aP49 | ||
| 526 | _aP48 | ||
| 526 | _aP47 | ||
| 526 | _aP29 | ||
| 526 | _aP24 | ||
| 526 | _aP20 | ||
| 526 | _aP19 | ||
| 526 | _aP17 | ||
| 526 | _aP15 | ||
| 526 | _aP14 | ||
| 526 | _aP12 | ||
| 526 | _aP10 | ||
| 526 | _aP09 | ||
| 526 | _aP08 | ||
| 526 | _aP07 | ||
| 526 | _aP06 | ||
| 526 | _aP05 | ||
| 526 | _aP04 | ||
| 526 | _aP01 | ||
| 541 | _g001-000063; | ||
| 541 | _g001-000063; | ||
| 541 | _g001-000063; | ||
| 650 | 0 | 4 |
_aDesarrollo sostenible _zAmérica Latina. |
| 700 | 1 |
_aSchulz, Michael, _eaut. |
|
| 710 | 2 |
_aWehrheim, Monika _eautor. |
|
| 700 | 1 |
_aOmalad, Clara, _eautor. |
|
| 910 |
_agl _cng _d20131009 |
||
| 942 |
_2ddc _cBOOK |
||
| 949 |
_a338.98 S31 _wDEWEY _c1 _i68559 _lCCODEBUL1 _mBUL _p16.00 _r0 _sY _tLIBRO _u2015-07-06 _xFCE _PP04 _o.STAFF. Colección General |
||
| 949 |
_a338.98 S31 _wDEWEY _c2 _i68560 _lCCODEBUL1 _mBUL _p16.00 _r0 _sY _tLIBRO _u2015-07-06 _xFCE _PP04 _o.STAFF. Colección General |
||
| 949 |
_a338.98 S31 _wDEWEY _c3 _i68561 _lCCODEBUL1 _mBUL _p16.00 _r0 _sY _tLIBRO _u2015-07-06 _xFCE _PP04 _o.STAFF. Colección General |
||
| 994 |
_aC0 _bPEPRU |
||
| 596 | _a1 | ||
| 999 |
_a338.98 S31 _wDEWEY _c55904 _i68559 _d55904 _e2017-5-12 _f2021-11-5 _g6 _lCCODEBUL1 _mBUL _n1 _p16.00 _r0 _sY _tBOOK _u2015-7-6 _xFCE _PP04 _0COMPRA _o.STAFF. Colección General |
||
| 999 |
_a338.98 S31 _wDEWEY _c2 _i68560 _f2021-11-5 _g6 _lCCODEBUL1 _mBUL _p16.00 _r0 _sY _tBOOK _u2015-7-6 _xFCE _PP04 _0COMPRA _o.STAFF. Colección General |
||
| 999 |
_a338.98 S31 _wDEWEY _c3 _i68561 _d2018-3-12 _f2021-11-5 _g6 _lCCODEBUL1 _mBUL _p16.00 _q1 _r0 _sY _tBOOK _u2015-7-6 _xFCE _PP04 _0COMPRA _o.STAFF. Colección General |
||
| 980 |
_81 _gALBERTO SANCHEZ Responsable de Automatización |
||